000 00613nam a2200133Ia 4500
008 220615s9999||||xx |||||||||||||| ||und||
020 _a9782890000000
245 0 _aHistorical Reconstructions of Marine Fisheries Catches: Challenges and Opportunities
546 _aEnglish[eng]
650 _aAsia||Africa||Caribbean||Mediterranean||marine fisheries||catch time series
700 _aLourdes Palomares, Maria D.||Salvio Cabanban, Annadel||Pauly, Daniel
856 _uhttps://www.frontiersin.org/research-topics/4404/historical-reconstructions-of-marine-fisheries-catches-challenges-and-opportunities
942 _cEB
999 _c16578
_d16578